01127cam a22002891 450000100060000000300080000600500170001400800410003103500190007203500200009104000580011104100080016908200210017710000260019824500800022426000520030430000360035649000830039250000180047550000940049350000990058750200500068650400280073665000390076465000120080365000220081529878BD-RjUL20211209051457.0140408r19661936dcua b 000 0 eng c a(BD-RjUL)29963 a(OCoLC)12208198 aUniv. of Chicago Libr.cKyUdOCoLCdDLCdBD-RjULbeng aeng 4a136.72bABR 19661 aAbernethy, Ethel Mae.10aRelationships between mental and physical growth /cby Ethel Mae Abernethy. aWashington, D.C. :c1966.bKraus Reprint Corp., avii, 80 p. :bdiagrs. ;c23 cm. a Monographs of the Society for Research in Child Development, vv. 1, no. 7.  aLithoprinted. a"Private edition, distributed by the University of Chicago libraries, Chicago, Illinois." a"Reprint of Monographs of the Society for research in child development, vol. I, no. 7, 1936." aThesis (Ph. D.)--University of Chicago, 1933. aBibliography: p. 71-74. 0aEducational tests and measurements 0aGrowth. 0aPsychophysiology.